000 01253nam a2200229Ia 4500
003 Ost
005 20260507075742.0
008 260507s9999||||xx |||||||||||||| ||und||
040 _cfsecg
041 _aara
082 _a330
100 _aالدويكات، قاسم
_eمؤلف
245 0 _aجغرافية الوطن العربي الطبيعية والبشرية والسياسية /
_c قاسم الدويكات
250 _aطبعة 2
260 _aعمان:
_bالمنضمة العربية لمجلس الجامعة,
_c2001
300 _a400 صفحة؛
_bإيضاحات ؛
_c24 سم
504 _aالمراجع ص.389
520 _aالتسمية والموقع والمساحة- الأهمية الجيوستراتيجية- التاريخ الجغرافي للوطن العربي- الجغرافيا الطبيعية- أشكال سطح الارض- أنواع التربة وتوزيعها- الموارد المائية- الجغرافيا البشرية- الجغرافيا الإجتماعية- الجغرافيا الحضارية- الجغرافيا السياسية- الحروب العربية الإسرائلية وتغيير حدود.
653 _aالجغرافيا
653 _aالوطن العربي
942 _cكتاب
999 _c46161
_d46161